Recibimos a Jesús: guía del catequista 2

Guardat en:
Dades bibliogràfiques
Autor corporatiu: Obispado de Azul (Autor)
Format: Llibre
Idioma:espanyol
Publicat: Buenos Aires PPC 2016
Edició:1a. ed
Col·lecció:Catequesis Familiar. Hagamos de la Iglesia una casa y escuela de comunión
Matèries:
Etiquetes: Afegir etiqueta
Sense etiquetes, Sigues el primer a etiquetar aquest registre!

MARC

LEADER 00000cam a2200000 a 4500
001 UCC3630
003 CL-VaPUC
008 180531e20160000ag |||||||||||||||||spa|d
020 |a 9789877401097 
082 0 4 |a 268.4  |b OBI  |2 21 
110 2 |a Obispado de Azul  |e author  |9 597689 
245 1 0 |a Recibimos a Jesús: guía del catequista 2 
250 |a 1a. ed 
300 |a 384 p 
942 |c BK 
945 |d 20180531 16:15:00  |a dcastane 
260 |a Buenos Aires  |b PPC  |c 2016 
650 7 |a CATEQUESIS FAMILIAR  |2 CL-VaPUC  |9 481682 
650 0 |a Catequesis y vida cristiana  |9 320810 
650 7 |a CATEQUISTAS  |2 CL-VaPUC  |9 481683 
583 |a last modification  |c 20180531 16:15:00  |k Rodrigo Vera 
490 0 |a Catequesis Familiar. Hagamos de la Iglesia una casa y escuela de comunión 
999 |c 371323  |d 371321 
952 |0 0  |1 0  |3 erb  |4 0  |6 268_400000000000000_OBI_2016  |7 0  |8 A  |9 488289  |a BIBTEO  |b BIBTEO  |i 5473101  |o 268.4 OBI 2016  |p 5473101  |r 2025-01-17  |w 2019-11-24  |y BK  |z Catalogado en:20180531  |k ICR